Office XP Bible / (Record no. 6818)
[ view plain ]
| 000 -LEADER | |
|---|---|
| fixed length control field | 00982nam a22002177a 4500 |
| 001 - CONTROL NUMBER | |
| control field | 6818 |
| 003 - CONTROL NUMBER IDENTIFIER | |
| control field | FISKH |
| 005 - DATE AND TIME OF LATEST TRANSACTION | |
| control field | 20250529123205.0 |
| 008 - FIXED-LENGTH DATA ELEMENTS--GENERAL INFORMATION | |
| fixed length control field | 250529b cb ||||| |||| 00| 0 eng d |
| 020 ## - INTERNATIONAL STANDARD BOOK NUMBER | |
| International Standard Book Number | 8126502258 |
| 040 ## - CATALOGING SOURCE | |
| Original cataloging agency | FISKH |
| Language of cataloging | eng |
| Transcribing agency | FISKH |
| Modifying agency | FISKH |
| 082 ## - DEWEY DECIMAL CLASSIFICATION NUMBER | |
| Classification number | 600 |
| 100 ## - MAIN ENTRY--PERSONAL NAME | |
| Personal name | Willett, Edward C. |
| 245 ## - TITLE STATEMENT | |
| Title | Office XP Bible / |
| Statement of responsibility, etc. | By Edward C.Willett and Steve Cummings |
| 250 ## - EDITION STATEMENT | |
| Edition statement | First edition September ,2001 |
| 260 ## - PUBLICATION, DISTRIBUTION, ETC. | |
| Place of publication, distribution, etc. | New York : |
| Name of publisher, distributor, etc. | Hungry Mind, Inc , |
| Date of publication, distribution, etc. | 2001. |
| 300 ## - PHYSICAL DESCRIPTION | |
| Extent | 1348 pages : |
| Other physical details | illustrations ; |
| Dimensions | 24 cm . |
| 520 ## - SUMMARY, ETC. | |
| Summary, etc. | The Office XP Bible by Edward C. Willett and Steve Cummings is a comprehensive 1,392-page guide published in 2001, designed to assist users in mastering Microsoft Office XP applications. The book covers essential tools such as Word, Excel, Access, Outlook, PowerPoint, Publisher, and FrontPage, providing detailed instructions, tips, and techniques to enhance productivity and proficiency. |
| 942 ## - ADDED ENTRY ELEMENTS (KOHA) | |
| Source of classification or shelving scheme | Dewey Decimal Classification |
| Koha item type | Books |
| Suppress in OPAC | No |
| Withdrawn status | Lost status | Source of classification or shelving scheme | Damaged status | Not for loan | Collection | Home library | Current library | Shelving location | Date acquired | Total Checkouts | Full call number | Barcode | Date last seen | Price effective from | Koha item type |
|---|---|---|---|---|---|---|---|---|---|---|---|---|---|---|---|
| Dewey Decimal Classification | Reference | Footprints International School Library Network Toul Tom Poung Campus | Footprints International School Library Network Toul Tom Poung Campus | Librarian's Shelf TTP | 05/29/2025 | WIL 600 | 2025-1437 | 05/29/2025 | 05/29/2025 | Books |
